00420nam a2200109Ia 4500008004100000100002600041245008300067260006900150300001100219650001200230856006800242160712s9999 xx 000 0 und d aSanches, Louie Jon A. cLouie Jon A. Sanches,aAng Tatlong Panahon ng Panulaan ni Rogeliio G. Mangahas c2012bLikhaan: The Journal of Contemporary Philippine Literature avol. 6 xPANAYAM uhttp://journals.upd.edu.ph/index.php/lik/issue/view/536/showToc